Countries of Asia Quiz Stats

 Plays Quiz Updated May 25, 2018

Score 0/49 Timer 10:00
1,416 Plays Today
% Correct
China
97.9%
Russia
97.4%
Japan
96.6%
India
96.6%
North Korea
93.7%
South Korea
93.7%
Iran
93.4%
Iraq
93.2%
Mongolia
91.8%
Pakistan
90.8%
Saudi Arabia
90.4%
Turkey
90.2%
Vietnam
89.3%
Afghanistan
88.2%
Thailand
86.9%
Indonesia
86.9%
Israel
85.8%
Nepal
83.1%
Yemen
82.9%
Kazakhstan
82.6%
Laos
82.3%
United
Arab
Emirates
81.9%
Philippines
81.2%
Cambodia
81%
Jordan
80.8%
% Correct
Oman
80.2%
Taiwan
79.7%
Sri Lanka
79.2%
Syria
78.3%
Uzbekistan
78.2%
Malaysia
78.2%
Myanmar
75.2%
Bangladesh
74.8%
Turkmenistan
74.7%
Georgia
74.1%
Singapore
71.5%
Kuwait
70.1%
Lebanon
69.5%
Palestine
68.3%
Qatar
67.6%
Bhutan
65.8%
Armenia
64.8%
Tajikistan
64.7%
Azerbaijan
64.4%
Maldives
60.6%
Kyrgyzstan
60.5%
Bahrain
55.9%
Brunei
54.1%
Timor-Leste
49.7%

You're not logged in!

Compare scores with friends on all Sporcle quizzes.
OR
Log In

Sporcle TV

Countries of Asia | Let's Play


From Mongolia to Myanmar, from Kazakstan to Kyrgyzstan, Maria is taking us on a tour of Asia in our Sporcle-famous "Countries of Asia" quiz! Follow along and see if you can name them all!

Show Comments

Extras

Top Quizzes Today


Score Distribution

Your Account Isn't Verified!

In order to create a playlist on Sporcle, you need to verify the email address you used during registration. Go to your Sporcle Settings to finish the process.

Report this User

Report this user for behavior that violates our Community Guidelines.

Details: